| 000 | 00915nmm a2200265 a 4500 | ||
|---|---|---|---|
| 001 | ocm000701273 | ||
| 003 | TR-IsHL | ||
| 005 | 20201028135502.0 | ||
| 008 | 131209s1980 tu tur | ||
| 007 | cr cn | ||
| 035 |
_a701273 _b(N$T) |
||
| 050 | 0 | 4 |
_aHE873.4 _b.L56 1980 |
| 090 | 0 | 4 |
_aHE873.4 _b.L56 1980 |
| 245 | 1 | 0 |
_aLimanlararası deniz taşımacılığı rehberi _h[electronic resource] / _chaz. Necmettin Akten, Turan Çetin |
| 260 |
_aİstanbul : _bİstanbul Ticaret Odası, _c1980 |
||
| 300 | _a668 p. | ||
| 650 | 4 | _aEkonomi ve Finans | |
| 650 | 4 | _aEconomics and Finance | |
| 650 | 0 |
_aDeniz taşımacılığı _x Türkiye |
|
| 650 | 0 |
_aShipping _x Turkey |
|
| 650 | 7 |
_aTRANSPORTATION / Ships & Shipbuilding / General _2bisacsh |
|
| 700 | 1 | _aAkten, Necmettin | |
| 700 | 1 | _aÇetin, Turan | |
| 856 | 4 | 0 | _uhttp://search.ebscohost.com/login.aspx?direct=true&scope=site&db=e011xww&AN=701273 |
| 999 |
_c6766 _d6766 |
||